| Поле | Инд. | ПП | Название | Значение |
|---|---|---|---|---|
| Тип записи | a | |||
| Библиографический уровень | a | |||
| 001 | Контрольный номер | RU/IS/BASE/349352864 | ||
| 005 | Дата корректировки | 20180409143514.7 | ||
| 040 | a | Служба первич. каталог. | НБ ТвГУ | |
| b | Код языка каталог. | rus | ||
| e | Правила каталог. | PSBO | ||
| 041 | 0_ | a | Код языка текста | rus |
| 098 | b | Факультет | Прикладной математики и кибернетики | |
| c | Кафедра | информационных технологий | ||
| 100 | 1_ | a | Автор | Язенин Александр Васильевич |
| c | Титул (звания) | декан факультета прикладной математики и кибернетики ТвГУ | ||
| q | Полное имя | Язенин А. В. | ||
| 245 | 10 | a | Заглавие | Подготовка специалистов для ГТ-предприятий региона |
| c | Ответственность | А. В. Язенин | ||
| 260 | a | Место издания | Тверь | |
| b | Издательство | Тверской государственный университет | ||
| c | Дата издания | 2009 | ||
| 520 | a | Аннотация | О Твери как общепризнанном центре программирования. О подготовке квалифицированных специалистовв ТвГУ по направлению "Информационные технологии". | |
| 653 | a | Ключевые слова | Высшая школа | |
| a | Ключевые слова | Высшие учебные заведения | ||
| a | Ключевые слова | Инновационные форумы | ||
| a | Ключевые слова | Информационные технологии | ||
| a | Ключевые слова | История Тверского государственного университета | ||
| a | Ключевые слова | Научно-исследовательская работа | ||
| a | Ключевые слова | Подготовка кадров | ||
| a | Ключевые слова | Прикладная информатика | ||
| a | Ключевые слова | Тверской государственный университет | ||
| a | Ключевые слова | Труды Тверского государственного университета | ||
| a | Ключевые слова | Форумы | ||
| 710 | a | Организация/ юрисдикция | Тверской государственный университет | |
| 773 | 08 | w | Контрольный № источника | RU/IS/BASE/323436982 |
| a | Заголовок основной записи | Инновационный форум "Университет - Региону" | ||
| t | Название источника | I Инновационный форум "Университет - Региону", 22 апреля 2009 г., г.Тверь | ||
| d | Место и дата издания | Тверь : Тверской государственный университет, 2009 | ||
| g | Прочая информация | С. 95-97 | ||
| 856 | u | URL | http://texts.lib.tversu.ru/texts2/0003124t.pdf | |
| x | Примечание для ЭОР | Реестр суммарного учета сетевых локальных документов | ||
| 901 | t | Тип документа | a | |
| 920 | a | Оператор | Козл | |
| 954 | a | Дата поступления на обработку | 20110126 |